| 000 | 00923cab a2200289 4500 | ||
|---|---|---|---|
| 001 | WB3342-15 | ||
| 008 | 090401t1997 xxu||||| |||| 00| 0 eng d | ||
| 035 | _a(Sirsi) u81691 | ||
| 041 | _aeng | ||
| 245 | _aCostly stately homes | ||
| 260 | _c1997 | ||
| 350 | _a0 | ||
| 490 |
_aWeekend Financial Times _v25 October 1997, 11(1) |
||
| 520 | _aOpening to the public or applying to the National Lottery for funds are some ways owners of historic houses can receive financial help. Publication "The Fall and Rise of the Stately Home" Peter Mandler (Yale UP £19.95). | ||
| 650 | _aCOSTS | ||
| 650 | _aENGLISH HERITAGE | ||
| 650 | _aEUROPEAN HERITAGE CONSULTANCY GROUP | ||
| 650 | _aFUNDING | ||
| 650 | _aHISTORIC HOUSES | ||
| 650 | _aNATIONAL LOTTERY | ||
| 650 | _aNATIONAL TRUST | ||
| 650 | _aRAPHAEL PROGRAMME | ||
| 650 | _aSTATELY HOMES | ||
| 690 | _aCONSERVATION | ||
| 942 | _n0 | ||
| 948 | _c28/10/1997 | ||
| 999 |
_c51497 _d51497 |
||